000 00759nam a2200253Ia 4500
003 OSt
005 20220927105323.0
006 a|||||r|||| 00| 0
007 ta
008 220926b |||||||| |||| 00| 0 eng d
020 _a9789210251631
024 _a176031
037 _cReference Collections
040 _aRTL
_cRTL
_beng
041 _2eng
_aeng
082 _a"X:(B28).6n.P07, P7/UN"
110 _a"UNITED NATIONS, ECONOMIC COMMISSION FOR AFRICA"
245 0 _aAFRICAN STATISTICAL yearbook 2007
260 _aAbaba
_bECA
300 _a"xxi, various pagination"
_ccm.
700 _a"UNITED NATIONS, ECONOMIC COMMISSION FOR AFRICA"
942 _h"X:(B28).6n.P07, P7/UN"
_cCC
999 _c691813
_d691813